| 000 | 00633nam a22002177a 4500 | ||
|---|---|---|---|
| 003 | KOHA_MİRAKIL | ||
| 005 | 20260407074136.0 | ||
| 008 | 260401b tu ||||| |||| 00| 0 tur d | ||
| 020 | _a9786055025090 | ||
| 040 |
_aTR-AnABB _btur _cTR-AnABB |
||
| 041 | _atur | ||
| 082 |
_a370.9561 _bKAR 2014 |
||
| 100 | 1 | _aKarakuş, Hüseyin | |
| 245 | 1 | 0 |
_a100 soruda köy enstitüleri / _cHüseyin Karakuş |
| 260 |
_aAnkara : _bSistem ofset, _c2014 |
||
| 300 |
_a112 sayfa ; _c20 cm |
||
| 500 | _aYazar tarafından imzalı | ||
| 650 | 0 | 4 | _aKöy enstitüleri, Türkiye |
| 900 | _bCan ÇELIK | ||
| 942 |
_2ddc _cBK |
||
| 999 |
_c10139 _d10139 |
||